| 000 | 00763cam a2200241 4500 | ||
|---|---|---|---|
| 008 | 090401t1994 xxu||||| |||| 00| 0 eng d | ||
| 020 | _a075061739X | ||
| 035 | _a(Sirsi) u39183 | ||
| 041 | _aeng | ||
| 050 | _a690.241 | ||
| 100 | _aFeilden, Bernard M | ||
| 245 | _aConservation of historic buildings | ||
| 260 |
_aOxford _bButterworth Architecture _c1994 |
||
| 300 | _ax, 345p. ; 30cm. | ||
| 350 | _a29.5 | ||
| 520 | _aPaperback edition of 1982 edition. The standard text for architects and others involved in the conservation of historic structures. | ||
| 520 | _aSuperseded by third edition (ISBN 0750658630). | ||
| 650 | _aBUILDING CONSERVATION | ||
| 650 | _aHISTORIC BUILDINGS | ||
| 690 | _aCONSERVATION | ||
| 942 | _n0 | ||
| 948 | _c04/03/1997 | ||
| 999 |
_c90753 _d90753 |
||